|
|
|
|
| LEADER |
00981nam a2200229 a 4500 |
| 001 |
2366312 |
| 008 |
100412s1983 bg b b s000 0 eng d |
| 010 |
|
|
|a 83904761
|
| 040 |
|
|
|a DLC
|c DLC
|d DLC
|d BD-DhAAL
|
| 082 |
0 |
0 |
|a 307/.14/095492
|2 19
|
| 245 |
0 |
0 |
|a Managing rural development in Bangladesh :
|b experiences and case studies /
|c Hafiz G.A. Siddiqi, editor.
|
| 260 |
|
|
|a Dhaka :
|b Institute of Business Administration, University of Dhaka,
|c 1983.
|
| 300 |
|
|
|a x, 205 p. :
|b maps ;
|c 26 cm.
|
| 504 |
|
|
|a Includes bibliographical references.
|
| 541 |
1 |
|
|e 00001727
|
| 650 |
|
0 |
|a Rural development
|z Bangladesh.
|
| 700 |
1 |
|
|a Siddiqi, Hafiz G. A.
|
| 710 |
2 |
|
|a University of Dhaka.
|b Institute of Business Administration.
|
| 852 |
4 |
|
|a Ayesha Abed Library
|j General shelf
|
| 942 |
0 |
0 |
|0 1
|
| 999 |
|
|
|c 8057
|d 8057
|
| 952 |
|
|
|0 0
|1 0
|2 ddc
|4 0
|6 307_140954920000000_MAN_1983
|7 0
|9 9163
|a BRACUL
|b BRACUL
|c GEN
|d 2010-04-12
|g 80.00
|l 1
|m 16
|o 307.14095492 MAN
|p 3010001727
|r 2015-12-12
|s 2015-09-19
|t 1
|w 2010-04-12
|y BK
|